LEADER 01160cam a22002774a 4500 001 000000121215 003 CaOOAMICUS 005 20100414134100.0 008 100414t1992 it a b 000 0 ita r 020 $a88-459-0918-2 040 $aPUL$bita$dMCT 100 1 $aBarrow, John D.,$d1952-$0(OLS)http://pul/name/40492 245 10$aTeorie del tutto :$bla ricerca della spiegazione ultima /$cJohn D. Barrow. 260 $aMilano :$bAdelphi,$c©1992. 300 $a403 p. :$bill. ;$c22 cm. 490 1 $aBiblioteca scientifica ;$v16 500 $aInclude indice. 504 $aBibliografia p. [379]-391. 650 4$aMatematica$xFilosofia.$0(OLS)http://pul/subject/20379 830 0$aBiblioteca scientifica (Adelphi) ;$v16.$0(OLS)http://pul/title/40718 850 $aPUL 852 $aPUL$W1$xDP1 Filosofia 1$y19$m587 L 67$j138991$qStampati$B138230$CPULBib$Z2$F138230 $H69771 $82 941 1 $a8 996 $6020$a88-459-0918-2$9(OLS)http://pul/number/143854 996 $6245$aTeorie del tutto :$bla ricerca della spiegazione ultima$9(OLS)http://pul/title/152447 996 $6260$aMilano :$bAdelphi$9(OLS)http://pul/publisher/51018 LEADER 01125nam a2200277 a 4500 001 000000160626 003 CaOOAMICUS 005 20170512100627.0 008 170512s1968 fr u000 u fre r 032 $aLibriCat 040 $aPUL$bita 082 04$a492.4 100 1 $aCohen, David.$0(OLS)http://pul/name/102786 245 10$aGrammaire de l'hébreu vivant /$cDavid Cohen, Hai?m Zafrani. 260 $aParis :$bPresses Universitaires de France,$c1968. 300 $avii, 317 p. ;$c21 cm. 504 $aBibliografia in nota. 650 4$aLingua ebraica$xGrammatica.$0(OLS)http://pul/subject/25211 700 1 $aZafrani, Haim.$0(OLS)http://pul/name/102787 850 $aPUL 852 $aPUL$W1$xDP2 Cons. Gen., Altre Classi 3$y97$m492. 4 COHDA 1$j184375$qDDC 21$B187573$CPULBib$Z2$F187573 $H129662 $81 941 1 $a9 996 $6082$a492.4$9(OLS)http://pul/classification/2121 996 $6245$aGrammaire de l'hébreu vivant$9(OLS)http://pul/title/200304 996 $6260$aParis :$bPresses Universitaires de France$9(OLS)http://pul/publisher/47940